MARC details
| 000 -CABECERA |
| campo de control de longitud fija |
01032nam a2200241 u 4500 |
| 001 - NÚMERO DE CONTROL |
| campo de control |
000020298 |
| 005 - FECHA Y HORA DE LA ÚLTIMA TRANSACCIÓN |
| campo de control |
20200929170343.0 |
| 008 - DATOS DE LONGITUD FIJA--INFORMACIÓN GENERAL |
| campo de control de longitud fija |
100813s1993 xx 000 0 spa d |
| 020 ## - NÚMERO INTERNACIONAL ESTÁNDAR DEL LIBRO |
| ISBN cancelado o inválido |
9506942808 |
| 040 ## - FUENTE DE LA CATALOGACIÓN |
| Centro catalogador/agencia de origen |
DO-SdBNP |
| Lengua de catalogación |
spa |
| Centro/agencia transcriptor |
BNPHU |
| 041 17 - CÓDIGO DE LENGUA |
| Código de lengua del texto/banda sonora o título independiente |
spa |
| Código de lengua original |
eng |
| 082 ## - NÚMERO DE LA CLASIFICACIÓN DECIMAL DEWEY |
| Número de clasificación |
353.03 |
| Número de documento/Ítem |
N38p, |
| 100 1# - ENTRADA PRINCIPAL--NOMBRE DE PERSONA |
| Nombre de persona |
Neustadt, Richard E., |
| Fechas asociadas al nombre |
1919-2003 |
| 9 (RLIN) |
42936 |
| 240 12 - TÍTULO UNIFORME |
| Título uniforme |
Presidential power and the modern presidents : the politics of leadership from Roosevelt to Reagan. |
| 245 10 - MENCIÓN DE TÍTULO |
| Título |
El poder presidencial y los presidentes modernos : |
| Resto del título |
políticas de liderazgo de Roosevelt a Reagan / |
| Mención de responsabilidad, etc. |
Richard E. Neustadt ; traducción María Elena Aramburú. |
| 260 ## - PUBLICACIÓN, DISTRIBUCIÓN, ETC. |
| Lugar de publicación, distribución, etc. |
Buenos Aires, Argentina : |
| Nombre del editor, distribuidor, etc. |
Grupo Editor Latinoamericano, |
| Fecha de publicación, distribución, etc. |
1993. |
| 300 ## - DESCRIPCIÓN FÍSICA |
| Extensión |
394 p. : |
| Otras características físicas |
23 cm. |
| 490 ## - MENCIÓN DE SERIE |
| Mención de serie |
Colección estudios políticos y sociales |
| -- |
23 cm. |
| 650 #4 - PUNTO DE ACCESO ADICIONAL DE MATERIA--TÉRMINO DE MATERIA |
| Término de materia o nombre geográfico como elemento de entrada |
Presidentes |
| Subdivisión geográfica |
Estados Unidos |
| 9 (RLIN) |
16100 |
| 650 #4 - PUNTO DE ACCESO ADICIONAL DE MATERIA--TÉRMINO DE MATERIA |
| Término de materia o nombre geográfico como elemento de entrada |
Poder ejecutivo |
| Subdivisión geográfica |
Estados Unidos |
| 9 (RLIN) |
42937 |
| 651 #4 - PUNTO DE ACCESO ADICIONAL DE MATERIA--NOMBRE GEOGRÁFICO |
| Nombre geográfico |
Estados Unidos |
| Subdivisión general |
Política Y Gobierno |
| 9 (RLIN) |
5436 |
| 651 #4 - PUNTO DE ACCESO ADICIONAL DE MATERIA--NOMBRE GEOGRÁFICO |
| Nombre geográfico |
Estados Unidos |
| Subdivisión general |
Historia Constitucional |
| 9 (RLIN) |
42938 |